000 00508nam a2200181Ia 4500
999 _c37015
_d37015
003 OSt
005 20210125111228.0
008 190216s9999||||xx |||||||||||||| ||und||
020 _a9788174829023
040 _coclc
082 _a500
_bSIN/C
100 _aSinha, M P
_98424
245 0 _aCSIR- UGC NER / JRF / SLET General Sciences /
_cM P Sinha
260 _bUpkar Prakashan,
_c2009.
_aAgra:
300 _a396p
650 _aReferences
942 _cREF
_2ddc
_h500
_iSIN/C
_k500
_mSIN/C